[Event "?"]
[Site "ICC 2 6 09/12/97, Internet Ch"]
[Date "1997.??.??"]
[Round "?"]
[White "Brause"]
[Black "beagle"]
[Result "1-0"]
[WhiteElo "2485"]
[BlackElo "2385"]
[PlyCount "61"]

1. e4 e5 2. Nf3 Nc6 3. Nc3 Nf6 4. Nxe5 Nxe5 5. d4 Ng6 6. e5 Ng8 7. Bc4 Bb4 8.
Qf3 Qe7 9. O-O Bxc3 10. bxc3 Nh6 11. g3 O-O 12. Qh5 Kh8 13. a4 d6 14. Bxh6 gxh6
15. f4 f5 16. Qxh6 dxe5 17. fxe5 Be6 18. Be2 c5 19. Rab1 b6 20. Bh5 Rg8 21.
Rbd1 Rad8 22. Rf2 Rd7 23. Rff1 Qd8 24. Qd2 Nxe5 25. Qe3 Ng6 26. Qxe6 cxd4 27.
Bxg6 Rxg6 28. Qe5+ Kg8 29. Rxf5 dxc3 30. Rxd7 Qxd7 31. Qb8+ 1-0

[Event "?"]
[Site "ICC 2 6 09/12/97, Internet Ch"]
[Date "1997.??.??"]
[Round "?"]
[White "Brause"]
[Black "beagle"]
[Result "1-0"]
[WhiteElo "2475"]
[BlackElo "2405"]
[PlyCount "65"]

1. e4 e5 2. Nf3 Nc6 3. Nc3 Nf6 4. Nxe5 Nxe5 5. d4 Ng6 6. e5 Ng8 7. Bc4 Bb4 8.
Qf3 Qe7 9. O-O Bxc3 10. bxc3 Nh6 11. g3 O-O 12. Qh5 Kh8 13. Bxh6 gxh6 14. Qxh6
b6 15. Rae1 Bb7 16. f4 f5 17. Qh5 Rae8 18. Re3 Be4 19. Qd1 d5 20. Bd3 Bxd3 21.
cxd3 Rf7 22. Qa4 c5 23. dxc5 bxc5 24. Qc6 Rd8 25. Rb1 Nf8 26. d4 cxd4 27. cxd4
Ne6 28. Rd3 Qc7 29. Qxe6 Qc2 30. Rdb3 Rg7 31. Rb8 Qc7 32. Rxd8+ Qxd8 33. Qxf5
1-0

[Event "?"]
[Site "ICC 2 8 08/30/97, Internet Ch"]
[Date "1997.??.??"]
[Round "?"]
[White "Brause"]
[Black "COLOCOLO"]
[Result "1-0"]
[WhiteElo "2535"]
[BlackElo "2150"]
[PlyCount "87"]

1. e4 e5 2. Nf3 Nc6 3. Nc3 Nf6 4. Nxe5 Nxe5 5. d4 Ng6 6. e5 Ng8 7. Bc4 Bb4 8.
Qf3 Qe7 9. O-O Bxc3 10. bxc3 Nh6 11. g3 O-O 12. Qh5 Kh8 13. Bxh6 gxh6 14. Qxh6
b6 15. Rae1 Bb7 16. Re3 f5 17. exf6 Qxf6 18. Bd3 Rae8 19. c4 Qg7 20. Qxg7+ Kxg7
21. Rxe8 Rxe8 22. f4 Kf6 23. c5 Bd5 24. c4 Be4 25. Re1 Kf5 26. Rxe4 Rxe4 27.
cxb6 axb6 28. Kf2 c6 29. Kf3 d5 30. cxd5 cxd5 31. g4+ Kf6 32. Bxe4 dxe4+ 33.
Kxe4 Ne7 34. d5 Nc8 35. g5+ Ke7 36. Ke5 Nd6 37. f5 Nc4+ 38. Ke4 Nd6+ 39. Kf4
Nb5 40. Ke5 Nc3 41. d6+ Kf7 42. g6+ hxg6 43. fxg6+ Kg7 44. d7 1-0

[Event "?"]
[Site "ICC 2 8 08/30/97, Internet Ch"]
[Date "1997.??.??"]
[Round "?"]
[White "Brause"]
[Black "COLOCOLO"]
[Result "1-0"]
[WhiteElo "2545"]
[BlackElo "2135"]
[PlyCount "94"]

1. e4 e5 2. Nf3 Nc6 3. Nc3 Nf6 4. Nxe5 Nxe5 5. d4 Ng6 6. e5 Ng8 7. Bc4 Bb4 8.
Qf3 Qe7 9. O-O Bxc3 10. bxc3 Nh6 11. g3 O-O 12. Qh5 Kh8 13. Bxh6 gxh6 14. Qxh6
b6 15. Rae1 Bb7 16. Re3 f5 17. exf6 Qxf6 18. Bd3 Rae8 19. c4 d6 20. d5 Bc8 21.
c3 Bd7 22. Rxe8 Rxe8 23. Rc1 Bf5 24. Bf1 Be4 25. f4 Bf5 26. Qh5 Qe7 27. Qf3 Bg4
28. Qf2 Qe4 29. Qd4+ Qxd4+ 30. cxd4 Re4 31. h3 Bd7 32. Kf2 Kg7 33. Kf3 Re8 34.
g4 h6 35. f5 Nh8 36. c5 Kf6 37. cxb6 cxb6 38. Rc7 Re7 39. Rxa7 Be8 40. Ra6 Rb7
41. Ra8 Re7 42. Rb8 b5 43. Bxb5 Bxb5 44. Rxh8 Kg7 45. Rd8 Bd7 46. a4 Bxa4 47.
Rxd6 Bb3 1-0

[Event "?"]
[Site "ICC 2 6 09/13/97, Internet Ch"]
[Date "1997.??.??"]
[Round "?"]
[White "Brause"]
[Black "beagle"]
[Result "1-0"]
[WhiteElo "2590"]
[BlackElo "2325"]
[PlyCount "95"]

1. e4 e5 2. Nf3 Nc6 3. Nc3 Nf6 4. Nxe5 Nxe5 5. d4 Ng6 6. e5 Ng8 7. Bc4 Bb4 8.
Qf3 Qe7 9. O-O Bxc3 10. bxc3 Nh6 11. g3 O-O 12. Qh5 Kh8 13. Bxh6 gxh6 14. Qxh6
b6 15. Rae1 Bb7 16. f4 f5 17. Qh5 Be4 18. Qe2 d5 19. Bb3 Rg8 20. c4 c6 21. cxd5
cxd5 22. c4 Rgd8 23. cxd5 Bxd5 24. Qd3 Qe6 25. Rc1 Rac8 26. Bxd5 Rxd5 27. Rxc8+
Qxc8 28. Rd1 Ne7 29. Qa3 Qd7 30. Kf1 Kg7 31. e6 Qb5+ 32. Kg1 Kf6 33. Qf3 Qc4
34. Qh5 Kxe6 35. Re1+ Kd7 36. Qf7 Qxd4+ 37. Kh1 Qc5 38. Rxe7+ Qxe7 39. Qxd5+
Kc7 40. Qxf5 Qe1+ 41. Kg2 Qe2+ 42. Kh3 Qxa2 43. Qxh7+ Kc6 44. Qh6+ Kc5 45. Qf8+
Kd4 46. Qf6+ Ke3 47. f5 b5 48. Qe6+ 1-0

[Event "?"]
[Site "ICC 2 6 09/05/97, Internet Ch"]
[Date "1997.??.??"]
[Round "?"]
[White "Brause"]
[Black "umag"]
[Result "0-1"]
[WhiteElo "2465"]
[BlackElo "2180"]
[PlyCount "93"]

1. e4 e5 2. Nf3 Nc6 3. Nc3 Nf6 4. Nxe5 Nxe5 5. d4 Ng6 6. e5 Ng8 7. Bc4 Bb4 8.
Qf3 Qe7 9. O-O Bxc3 10. bxc3 Nh6 11. g3 O-O 12. Qh5 Kh8 13. Bxh6 gxh6 14. Qxh6
b6 15. Rae1 Bb7 16. f4 f5 17. exf6 Qxf6 18. Bb5 c6 19. f5 cxb5 20. fxg6 Qg7 21.
Qxg7+ Kxg7 22. Rxf8 Rxf8 23. gxh7 Rf7 24. Re5 Kxh7 25. Rxb5 Rf3 26. c4 Rc3 27.
c5 Bc6 28. cxb6 axb6 29. Rb2 b5 30. Kf2 Kg6 31. Ke2 Kf5 32. Kd2 Rf3 33. Ke2 Ke4
34. Rb3 Rxb3 35. axb3 Kxd4 36. Kd2 b4 37. g4 Be4 38. h4 Bf3 39. g5 Bh5 40. Ke1
Kc3 41. Kf2 Kxc2 42. g6 Bxg6 43. Ke3 Kxb3 44. Kd4 Kc2 45. Ke5 b3 46. Kf6 Bd3
47. Ke7 0-1

[Event "?"]
[Site "ICC 2 6 08/28/97, Internet Ch"]
[Date "1997.??.??"]
[Round "?"]
[White "Brause"]
[Black "COLOCOLO"]
[Result "1-0"]
[WhiteElo "2395"]
[BlackElo "1980"]
[PlyCount "55"]

1. e4 e5 2. Nf3 Nc6 3. Nc3 Nf6 4. Nxe5 Nxe5 5. d4 Ng6 6. e5 Ng8 7. Bc4 Bb4 8.
Qf3 Qe7 9. O-O Bxc3 10. bxc3 Nh6 11. g3 O-O 12. Qh5 Kh8 13. Bxh6 gxh6 14. Qxh6
b6 15. Rae1 Bb7 16. Re3 f6 17. e6 d5 18. Bd3 Qg7 19. Qxg7+ Kxg7 20. f4 f5 21.
e7 Rfe8 22. Rfe1 Kf7 23. Bxf5 Nxe7 24. Be6+ Kf6 25. Bd7 Bc6 26. Bxc6 Nxc6 27.
Rxe8 Rxe8 28. Rxe8 1-0

[Event "?"]
[Site "ICC 2 6 08/28/97, Internet Ch"]
[Date "1997.??.??"]
[Round "?"]
[White "Brause"]
[Black "COLOCOLO"]
[Result "1-0"]
[WhiteElo "2390"]
[BlackElo "2095"]
[PlyCount "85"]

1. e4 e5 2. Nf3 Nc6 3. Nc3 Nf6 4. Nxe5 Nxe5 5. d4 Ng6 6. e5 Ng8 7. Bc4 Bb4 8.
Qf3 Qe7 9. O-O Bxc3 10. bxc3 Nh6 11. g3 O-O 12. Qh5 Kh8 13. Bxh6 gxh6 14. Qxh6
b6 15. Rae1 Bb7 16. Re3 f5 17. exf6 Qxf6 18. Bd3 Rae8 19. c4 Rxe3 20. fxe3 Qg7
21. Rxf8+ Qxf8 22. Qh3 Qf7 23. Bxg6 Qxg6 24. Qxd7 Qe4 25. Qd8+ Kg7 26. Qxc7+
Kg8 27. d5 Qxe3+ 28. Kf1 Qf3+ 29. Ke1 Qh1+ 30. Kd2 Qxh2+ 31. Kc3 Bxd5 32. cxd5
Qf2 33. Qb8+ Kg7 34. Qxa7+ Kg6 35. Qc7 Qe3+ 36. Kb2 Qd4+ 37. Ka3 Qe3+ 38. Ka4
Qd4+ 39. c4 Qb2 40. Qd6+ Kg7 41. Qa3 Qd2 42. Kb5 Qe3 43. Qxe3 1-0

[Event "?"]
[Site "ICC 2 6 08/28/97, Internet Ch"]
[Date "1997.??.??"]
[Round "?"]
[White "Brause"]
[Black "COLOCOLO"]
[Result "0-1"]
[WhiteElo "2390"]
[BlackElo "2080"]
[PlyCount "122"]

1. e4 e5 2. Nf3 Nc6 3. Nc3 Nf6 4. Nxe5 Nxe5 5. d4 Ng6 6. e5 Ng8 7. Bc4 Bb4 8.
Qf3 Qe7 9. O-O Bxc3 10. bxc3 Nh6 11. g3 O-O 12. Qh5 Kh8 13. a4 d6 14. Bxh6 gxh6
15. f4 f5 16. Qxh6 Be6 17. Bb3 d5 18. Rae1 c5 19. Rb1 c4 20. Ba2 b6 21. Rb4
Rab8 22. Rfb1 Qc7 23. Rb5 a6 24. R5b2 b5 25. axb5 Rxb5 26. Rxb5 axb5 27. Rxb5
Ra8 28. Qg5 Qe7 29. Qxe7 Nxe7 30. Rb6 Bc8 31. Bb1 Kg7 32. Rb2 Kf7 33. Ra2 Rxa2
34. Bxa2 Ke6 35. Kf2 Kd7 36. Ke2 Kc6 37. Ke3 Kb5 38. Bb1 Ka4 39. Kd2 Ka3 40.
Kc1 Nc6 41. g4 fxg4 42. e6 Bxe6 43. f5 Bxf5 44. Kd2 Kb2 45. Ke3 Kxb1 46. Kd2 h5
47. Kd1 Kb2 48. Ke1 Kxc2 49. Kf2 Kxc3 50. Ke2 Kxd4 51. Kd2 c3+ 52. Ke2 c2 53.
Kd2 h4 54. Kc1 g3 55. hxg3 hxg3 56. Kd2 g2 57. Kc1 g1=Q+ 58. Kb2 c1=Q+ 59. Ka2
Qb1+ 60. Ka3 Qe3+ 61. Ka4 Qeb3# 0-1

[Event "?"]
[Site "ICC 2 6 09/18/97, Internet Ch"]
[Date "1997.??.??"]
[Round "?"]
[White "Brause"]
[Black "beagle"]
[Result "1-0"]
[WhiteElo "2660"]
[BlackElo "2320"]
[PlyCount "79"]

1. e4 e5 2. Nf3 Nc6 3. Nc3 Nf6 4. Nxe5 Nxe5 5. d4 Ng6 6. e5 Ng8 7. Bc4 Bb4 8.
Qf3 Qe7 9. O-O Bxc3 10. bxc3 Nh6 11. g3 O-O 12. Qh5 Kh8 13. Bxh6 gxh6 14. Qxh6
b6 15. Rae1 Bb7 16. f4 f5 17. Qh5 Be4 18. Qe2 d5 19. exd6 Qxd6 20. Bd3 Rae8 21.
Bxe4 Rxe4 22. Qc4 Rfe8 23. Rxe4 Rxe4 24. Qf7 Qe6 25. Qxc7 Re2 26. Qb8+ Kg7 27.
Rf2 Re1+ 28. Kg2 Qe4+ 29. Kh3 Qe3 30. Qb7+ Kh6 31. Qf3 Qe6 32. d5 Qe7 33. Qd3
Re4 34. Kg2 Qd7 35. c4 b5 36. cxb5 Ne7 37. c4 Ng6 38. Re2 Rxf4 39. Qe3 Qd6 40.
gxf4 1-0

[Event "?"]
[Site "ICC 2 6 09/18/97, Internet Ch"]
[Date "1997.??.??"]
[Round "?"]
[White "Brause"]
[Black "beagle"]
[Result "0-1"]
[WhiteElo "2670"]
[BlackElo "2315"]
[PlyCount "117"]

1. e4 e5 2. Nf3 Nc6 3. Nc3 Nf6 4. Nxe5 Nxe5 5. d4 Ng6 6. e5 Ng8 7. Bc4 Bb4 8.
Qf3 Qe7 9. O-O Bxc3 10. bxc3 Nh6 11. Bxh6 gxh6 12. Rab1 O-O 13. Qe3 Kh8 14.
Qxh6 b6 15. f4 f5 16. Bd5 Rb8 17. Qh5 Bb7 18. Bxb7 Rxb7 19. Qf3 c6 20. c4 Rg8
21. Qd3 d5 22. cxd5 cxd5 23. Rbe1 Rc7 24. Rf2 Qe6 25. Re3 Rgc8 26. Qb3 Rc4 27.
Rd3 Qc6 28. a3 Rxc2 29. Rxc2 Qxc2 30. Qxc2 Rxc2 31. g3 Kg8 32. h3 Kf7 33. Kh1
Ke6 34. Kg1 h5 35. Kf1 Ne7 36. Rf3 Nc6 37. Rd3 Rc4 38. Ke2 Nxd4+ 39. Kd2 Nc6
40. Re3 h4 41. Ke2 hxg3 42. Rxg3 Rxf4 43. Rg6+ Kd7 44. Rd6+ Kc7 45. Rxd5 Re4+
46. Kf2 Nxe5 47. Rb5 Kc6 48. Rb3 Kd5 49. Rb5+ Kd4 50. Rb3 f4 51. Rb4+ Kd3 52.
Rb2 f3 53. Rb1 Re2+ 54. Kg3 f2 55. Rf1 Ke3 56. h4 Rc2 57. Kg2 Nd3 58. Kg3 Rc5
59. h5 0-1

[Event "?"]
[Site "ICC 2 6 09/18/97, Internet Ch"]
[Date "1997.??.??"]
[Round "?"]
[White "Brause"]
[Black "beagle"]
[Result "1-0"]
[WhiteElo "2645"]
[BlackElo "2335"]
[PlyCount "83"]

1. e4 e5 2. Nf3 Nc6 3. Nc3 Nf6 4. Nxe5 Nxe5 5. d4 Ng6 6. e5 Ng8 7. Bc4 Bb4 8.
Qf3 Qe7 9. O-O Bxc3 10. bxc3 Nh6 11. Rb1 O-O 12. Bxh6 gxh6 13. Qe3 b6 14. Qxh6
Kh8 15. f4 f5 16. Bd5 Rb8 17. Qh5 Bb7 18. Bxb7 Rxb7 19. Qf3 c6 20. c4 Rg8 21.
Qd3 d5 22. cxd5 cxd5 23. Rf3 Qe6 24. Re1 Rc7 25. Ree3 Rgc8 26. Rf2 Rc4 27. Rh3
Rc3 28. Qxc3 Rxc3 29. Rxc3 Ne7 30. Rc7 Nc6 31. Rd2 a6 32. a4 Na5 33. Rd3 Nc4
34. Rg3 Qe8 35. h3 Nd2 36. Rg5 Qf8 37. e6 Ne4 38. e7 Qe8 39. Rxf5 Kg7 40. Rxd5
Nf6 41. Rd8 Kf7 42. d5 1-0

[Event "?"]
[Site "ICC 2 6 09/18/97, Internet Ch"]
[Date "1997.??.??"]
[Round "?"]
[White "Brause"]
[Black "beagle"]
[Result "1/2-1/2"]
[WhiteElo "2655"]
[BlackElo "2330"]
[PlyCount "178"]

1. e4 e5 2. Nf3 Nc6 3. Nc3 Nf6 4. Nxe5 Nxe5 5. d4 Ng6 6. e5 Ng8 7. Bc4 Bb4 8.
Qf3 Qe7 9. O-O Bxc3 10. bxc3 Nh6 11. Bd5 Rb8 12. Rb1 b6 13. Bxh6 gxh6 14. Rb4
O-O 15. Rfb1 Kh8 16. Ra4 a6 17. Rc4 c6 18. Be4 Rg8 19. Qe3 Qg5 20. Rcb4 b5 21.
c4 Nf4 22. R4b3 Ng6 23. Rb4 Qxe3 24. fxe3 Bb7 25. cxb5 cxb5 26. Bxb7 Rxb7 27.
c4 Rc7 28. cxb5 axb5 29. Rxb5 Rc2 30. R1b2 Rxb2 31. Rxb2 Ra8 32. Kf2 Kg7 33.
Kf3 f6 34. exf6+ Kxf6 35. g4 Nf8 36. Ke4 Ra3 37. Rf2+ Ke7 38. Rc2 Ne6 39. Re2
Ng5+ 40. Kf4 Kf6 41. h4 Ne6+ 42. Ke4 Ra4 43. Rc2 Ke7 44. Rd2 Ra3 45. Re2 Nc7
46. Rc2 Ne6 47. d5 Nd8 48. Kf4 Nf7 49. e4 Ra4 50. Rb2 Nd6 51. Re2 Nf7 52. h5
Ng5 53. Kf5 d6 54. Kf4 Kf6 55. Re3 Rxa2 56. Rc3 Re2 57. Rc4 Rf2+ 58. Kg3 Rf3+
59. Kg2 Rf4 60. Kh2 Rxe4 61. Rc6 Ke5 62. Kg3 Kxd5 63. Rc7 Re3+ 64. Kg2 Kd4 65.
Rd7 d5 66. Rb7 Re6 67. Rd7 Ke4 68. Kf2 d4 69. Ke2 Ra6 70. Re7+ Ne6 71. Rxh7
Ra2+ 72. Kd1 Kd3 73. Ke1 Ng5 74. Rb7 Ne4 75. Kf1 Kc2 76. Re7 Ng5 77. Re2+ Kb1
78. Re1+ Kc2 79. Re2+ Kb3 80. Rxa2 Kxa2 81. Ke2 Kb3 82. Kd3 Ne6 83. g5 hxg5 84.
h6 Nf8 85. Kxd4 Nh7 86. Kd3 Kb4 87. Kd4 Kb3 88. Kd3 Kb2 89. Kd4 Kb3 1/2-1/2

[Event "?"]
[Site "ICC 2 6 09/18/97, Internet Ch"]
[Date "1997.??.??"]
[Round "?"]
[White "Brause"]
[Black "beagle"]
[Result "1/2-1/2"]
[WhiteElo "2615"]
[BlackElo "2340"]
[PlyCount "99"]

1. e4 e5 2. Nf3 Nc6 3. Nc3 Nf6 4. Nxe5 Nxe5 5. d4 Ng6 6. e5 Ng8 7. Bc4 Bb4 8.
Qf3 Qe7 9. O-O Bxc3 10. bxc3 Nh6 11. g3 O-O 12. Qh5 Kh8 13. Bxh6 gxh6 14. Qxh6
b6 15. Rae1 Bb7 16. f4 f5 17. Qh5 Be4 18. Qe2 d5 19. exd6 cxd6 20. Bd3 d5 21.
Bxe4 dxe4 22. Qb5 Rac8 23. Re3 Qc7 24. Qb3 Qc4 25. Qa3 Rf7 26. Rb1 Ne7 27. Qxa7
Nd5 28. Qxf7 Nxe3 29. Qxc4 Rxc4 30. Rxb6 Rxc3 31. Rb3 Rxb3 32. cxb3 Kg7 33. a4
Kf6 34. a5 Nd5 35. a6 Nb6 36. Kf2 Ke6 37. Ke2 h5 38. h3 Kd5 39. Ke3 Na8 40. a7
Nb6 41. b4 Na8 42. g4 fxg4 43. hxg4 hxg4 44. f5 g3 45. Ke2 Nb6 46. b5 Na8 47.
Ke3 Nb6 48. Ke2 Na8 49. Ke3 Nb6 50. Ke2 1/2-1/2

[Event "?"]
[Site "ICC 2 8 08/28/97, Internet Ch"]
[Date "1997.??.??"]
[Round "?"]
[White "Brause"]
[Black "brit"]
[Result "1-0"]
[WhiteElo "2380"]
[BlackElo "2100"]
[PlyCount "55"]

1. e4 e5 2. Nf3 Nc6 3. Nc3 Nf6 4. Nxe5 Nxe5 5. d4 Ng6 6. e5 Ng8 7. Bc4 Bb4 8.
Qf3 f5 9. h4 Bxc3+ 10. bxc3 d5 11. Qxd5 Qxd5 12. Bxd5 Nf8 13. Bf3 c6 14. Rb1
Ne7 15. Ba3 Ne6 16. Bd6 Kd7 17. Rb3 Re8 18. O-O b5 19. Ra1 Nd5 20. a4 bxa4 21.
Rxa4 a5 22. c4 Ndc7 23. c3 Ba6 24. d5 Nf4 25. dxc6+ Kc8 26. Rxa5 Bxc4 27. Rxa8+
Nxa8 28. Rb8# 1-0

[Event "?"]
[Site "ICC 2 8 08/28/97, Internet Ch"]
[Date "1997.??.??"]
[Round "?"]
[White "Brause"]
[Black "brit"]
[Result "1/2-1/2"]
[WhiteElo "2390"]
[BlackElo "2090"]
[PlyCount "237"]

1. e4 e5 2. Nf3 Nc6 3. Nc3 Nf6 4. Nxe5 Nxe5 5. d4 Ng6 6. e5 Bb4 7. exf6 Qxf6 8.
Bc4 O-O 9. O-O Bxc3 10. bxc3 d6 11. Rb1 b6 12. Be3 Be6 13. Bb3 Bxb3 14. cxb3
Rfe8 15. Qd3 a5 16. Rbe1 Re7 17. f4 Rae8 18. f5 Nf8 19. d5 Nd7 20. Qd2 h6 21.
Bd4 Rxe1 22. Bxf6 Rxf1+ 23. Kxf1 Nxf6 24. c4 Re7 25. Qd3 Nd7 26. Kf2 f6 27. Qf3
Kf8 28. g4 Ne5 29. Qd1 Ke8 30. Qd4 Kd7 31. h3 Re8 32. Kg3 Rh8 33. Qd1 Ra8 34.
Kf4 Rh8 35. Qe2 Ke7 36. Ke3 Kd7 37. Kd4 Ke7 38. a3 Ra8 39. Qc2 Kf7 40. Qd1 Ke7
41. Ke4 Kf7 42. Kf4 Ke7 43. Qc2 Kf7 44. Kg3 Ke7 45. Qe4 Kf7 46. Qd4 Ke7 47. Kf4
Kf7 48. Qc3 Ke7 49. Ke4 Kd7 50. Qc2 Ke7 51. Ke3 Kd7 52. Kd4 Ke7 53. Kc3 Kd7 54.
Qg2 Ke7 55. Kd4 Kd7 56. Qb2 Ke7 57. Qe2 Kd7 58. Kc3 Ke7 59. Qd1 Kd7 60. Qc2 Ke7
61. Kd2 Kd7 62. Ke3 Ke7 63. Qe4 Kd7 64. Kd4 Ke7 65. Qf4 Kf7 66. Kc3 Ke7 67. a4
Kf7 68. Qg3 Re8 69. Kd4 Nd7 70. Qf3 Nc5 71. Kc3 Re5 72. Kd2 Ne4+ 73. Kd3 Nc5+
74. Kc2 Ke7 75. Qf4 Re4 76. Qf2 Re5 77. Qg1 Re2+ 78. Kc3 Re5 79. Kb2 Re2+ 80.
Ka3 Re4 81. Qg3 Kf7 82. Qf2 Re5 83. Qf3 Re4 84. b4 axb4+ 85. Kxb4 Ke7 86. Qc3
Kd7 87. Qf3 Re1 88. Kc3 Nxa4+ 89. Kd2 Re7 90. Kc2 Nc5 91. Kc3 Kc8 92. Qf4 Kb7
93. Qc1 Ne4+ 94. Kb4 Nc5 95. Qd2 Re1 96. Ka3 Re8 97. Ka2 Nd7 98. Qd4 Ne5 99.
Kb3 Ra8 100. Qe4 Ra5 101. Kb4 Rc5 102. Qe2 Rxc4+ 103. Kb3 Rc5 104. Qe4 b5 105.
Ka2 Kb6 106. Kb3 Rc4 107. Qe3+ Rc5 108. Qd4 Ka6 109. Qe4 Rc4 110. Qg2 Nd7 111.
Qa2+ Ra4 112. Qe2 Ne5 113. Qc2 Rc4 114. Qa2+ Kb7 115. Qg2 Rc5 116. Qe4 Kb6 117.
Qd4 Nd7 118. Qe4 Ne5 119. Qd4 1/2-1/2

[Event "?"]
[Site "ICC 2 8 08/28/97, Internet Ch"]
[Date "1997.??.??"]
[Round "?"]
[White "Brause"]
[Black "brit"]
[Result "1-0"]
[WhiteElo "2380"]
[BlackElo "2100"]
[PlyCount "73"]

1. e4 e5 2. Nf3 Nc6 3. Nc3 Nf6 4. Nxe5 Nxe5 5. d4 Ng6 6. e5 Bb4 7. exf6 Qxf6 8.
Bc4 O-O 9. O-O Bxc3 10. bxc3 d6 11. Rb1 b6 12. Be3 Be6 13. Bb3 a5 14. d5 Bd7
15. Qd4 Qxd4 16. cxd4 f5 17. Rfe1 f4 18. Bd2 Rae8 19. f3 Kf7 20. Rbc1 Rxe1+ 21.
Rxe1 Re8 22. Rxe8 Bxe8 23. c4 a4 24. Bc2 Kf6 25. Kf2 b5 26. c5 dxc5 27. dxc5 c6
28. Bc3+ Kf7 29. Be4 cxd5 30. Bxd5+ Kf8 31. c6 Ke7 32. c7 Kd7 33. Bc6+ Kxc7 34.
Bxe8 Kb6 35. Bxg7 Kc5 36. g3 fxg3+ 37. hxg3 1-0

[Event "?"]
[Site "ICC 2 8 08/29/97, Internet Ch"]
[Date "1997.??.??"]
[Round "?"]
[White "Brause"]
[Black "brit"]
[Result "1-0"]
[WhiteElo "2580"]
[BlackElo "2065"]
[PlyCount "29"]

1. e4 e5 2. Nf3 Nc6 3. Nc3 Nf6 4. Nxe5 Nxe5 5. d4 Nc6 6. d5 Bb4 7. dxc6 Nxe4 8.
Qd4 Qe7 9. Be3 O-O 10. Bd3 Nf6 11. cxb7 Bxb7 12. O-O d5 13. Bg5 c5 14. Qh4 Bxc3
15. Bxf6 1-0

[Event "?"]
[Site "ICC 2 8 08/29/97, Internet Ch"]
[Date "1997.??.??"]
[Round "?"]
[White "Brause"]
[Black "brit"]
[Result "1-0"]
[WhiteElo "2650"]
[BlackElo "2060"]
[PlyCount "73"]

1. e4 e5 2. Nf3 Nc6 3. Nc3 Nf6 4. Nxe5 Nxe5 5. d4 Ng6 6. e5 Ng8 7. Bc4 Bb4 8.
Qf3 f5 9. h4 d5 10. Qxd5 Qxd5 11. Bxd5 c6 12. Bxg8 Rxg8 13. a3 Bxc3+ 14. bxc3
Be6 15. Bg5 h6 16. Bd2 Bc4 17. h5 Ne7 18. O-O-O Nd5 19. Rh3 Ke7 20. Re1 Raf8
21. Rg3 Nc7 22. a4 Rb8 23. a5 b5 24. axb6 axb6 25. Kb2 Ra8 26. Ra1 Rxa1 27.
Kxa1 Ra8+ 28. Kb2 Kf7 29. Rf3 Ke6 30. Rg3 Kf7 31. Rf3 Ke6 32. Rg3 Ne8 33. Be3
b5 34. Rg6+ Kd5 35. Rg3 Ra7 36. Rf3 Ke6 37. d5+ 1-0

[Event "?"]
[Site "ICC 2 8 08/29/97, Internet Ch"]
[Date "1997.??.??"]
[Round "?"]
[White "Brause"]
[Black "brit"]
[Result "0-1"]
[WhiteElo "2650"]
[BlackElo "2060"]
[PlyCount "168"]

1. e4 e5 2. Nf3 Nc6 3. Nc3 Nf6 4. Nxe5 Nxe5 5. d4 Ng6 6. e5 Ng8 7. Bc4 Bb4 8.
Qf3 f5 9. h4 d5 10. Qxd5 Qxd5 11. Bxd5 c6 12. Bxg8 Rxg8 13. a3 Bxc3+ 14. bxc3
Be6 15. Bg5 Bd5 16. f3 Nf8 17. a4 Ne6 18. Rb1 Rb8 19. Bd2 b5 20. O-O Kd7 21.
Ra1 Rb7 22. Ra3 g6 23. g3 Kc7 24. Be3 Nf8 25. Bg5 Kd7 26. axb5 cxb5 27. Rfa1
Ne6 28. Rxa7 Rc8 29. Rxb7+ Bxb7 30. Ra7 Kc7 31. Kf2 Kb6 32. Ra3 Rc4 33. Be7 Bd5
34. Bd6 Ra4 35. g4 Rxa3 36. Bxa3 fxg4 37. fxg4 Kc6 38. Ke3 Bg2 39. Bd6 Kd5 40.
Be7 Bh3 41. Kf3 Kc4 42. Bb4 h5 43. gxh5 gxh5 44. Kg3 Bg4 45. Ba5 Bd1 46. Kf2
Bxc2 47. Ke3 Kd5 48. Bb4 Bd1 49. Kd2 Bg4 50. Be7 Ng7 51. Kd3 Nf5 52. Bf6 Bh3
53. Bd8 Bf1+ 54. Kd2 Bc4 55. Bf6 Ke4 56. Bd8 Kf3 57. Bg5 Kg4 58. Bf6 Nxh4 59.
Be7 Nf5 60. Bb4 Kf3 61. e6 Bxe6 62. Ba5 h4 63. Bc7 Ng3 64. Bb6 Bd5 65. Kc2 h3
66. Kb2 h2 67. Ka3 h1=Q 68. Kb4 Bc4 69. Bc7 Ne4 70. Ka5 Qh6 71. d5 Nxc3 72. Bd6
Bxd5 73. Be5 Qc6 74. Kb4 Qc4+ 75. Ka5 Na4 76. Bh2 Bb7 77. Be5 Nc5 78. Kb6 b4
79. Ba1 Be4 80. Kc7 Qe6 81. Bb2 Na6+ 82. Kd8 Qf7 83. Be5 Bc6 84. Kc8 Qe8# 0-1

[Event "?"]
[Site "ICC 2 1 11/12/97, Internet Ch"]
[Date "1997.??.??"]
[Round "?"]
[White "Brause"]
[Black "Jotun"]
[Result "0-1"]
[WhiteElo "2635"]
[BlackElo "2280"]
[PlyCount "133"]

1. e4 Nf6 2. Nc3 e5 3. Nf3 Nc6 4. Nxe5 Nxe5 5. d4 Ng6 6. e5 Ng8 7. Bc4 Bb4 8.
Qf3 Qe7 9. O-O Bxc3 10. bxc3 Nh6 11. g3 O-O 12. Qh5 d6 13. Bxh6 gxh6 14. f4 c5
15. Rae1 cxd4 16. cxd4 dxe5 17. f5 Qb4 18. fxg6 Qxc4 19. gxf7+ Rxf7 20. Rxf7
Qxf7 21. Rxe5 Qxh5 22. Rxh5 Kg7 23. c4 Be6 24. Rc5 Rf8 25. Kg2 Bg4 26. Rc7+ Rf7
27. Rxf7+ Kxf7 28. Kf2 Kf6 29. Ke3 Kf5 30. a3 Bh3 31. Kd3 Bf1+ 32. Kc3 Ke4 33.
d5 Ke5 34. Kb4 Kd6 35. g4 b6 36. h4 Be2 37. g5 hxg5 38. hxg5 Bf1 39. Kb5 Be2
40. Kb4 Bg4 41. Kb5 Bc8 42. Kb4 Ba6 43. a4 Bc8 44. Kb5 Bd7+ 45. Ka6 Bxa4 46.
Kxa7 Bb3 47. Kb7 Bxc4 48. Kxb6 Bxd5 49. Kb5 Ke6 50. Kc5 Ke5 51. Kb5 Kf5 52. Kc5
Ba2 53. g6 hxg6 54. Kd4 Kf4 55. Kc5 g5 56. Kd4 g4 57. Kc3 Ke3 58. Kb4 Bf7 59.
Kc5 g3 60. Kd6 g2 61. Ke7 g1=Q 62. Kxf7 Qg5 63. Ke6 Kd4 64. Kd6 Qg6+ 65. Kd7
Kd5 66. Kc7 Qf7+ 67. Kb6 0-1

[Event "?"]
[Site "ICC 2 1 11/18/97, Internet Ch"]
[Date "1997.??.??"]
[Round "?"]
[White "Brause"]
[Black "Cheops"]
[Result "1-0"]
[WhiteElo "2655"]
[BlackElo "2120"]
[PlyCount "89"]

1. e4 e5 2. Nf3 Nc6 3. Nc3 Nf6 4. Nxe5 Nxe5 5. d4 Ng6 6. e5 Ng8 7. Bc4 Bb4 8.
Qf3 Qe7 9. O-O Bxc3 10. bxc3 Nh6 11. g3 O-O 12. Qh5 d5 13. Bxd5 c6 14. Bf3 Nf5
15. Be4 Qe6 16. Re1 Nfe7 17. Ba3 Re8 18. Qe2 Nd5 19. Qd3 a5 20. Rab1 b5 21. c4
bxc4 22. Qxc4 Ba6 23. Qc5 Rab8 24. Rxb8 Rxb8 25. Qxa5 Bc4 26. Bd6 Re8 27. Qc5
Bxa2 28. Bxg6 Qxg6 29. Ra1 Qe4 30. Qxc6 Rd8 31. h3 h5 32. c4 Qxd4 33. Rxa2 Nc3
34. Qc7 Qd1+ 35. Kg2 Nxa2 36. Qxd8+ Kh7 37. Qe8 Qe2 38. Qxf7 Qe4+ 39. Kh2 Nc3
40. Qxh5+ Kg8 41. Qe8+ Kh7 42. e6 Qf3 43. Qf7 Qd1 44. Be5 Ne2 45. Qxg7# 1-0

[Event "?"]
[Site "ICC 2 12 11/11/97, Internet C"]
[Date "1997.??.??"]
[Round "?"]
[White "Brause"]
[Black "WienerPartie"]
[Result "1-0"]
[WhiteElo "2530"]
[BlackElo "2440"]
[PlyCount "65"]

1. Nc3 Nf6 2. e4 e5 3. Nf3 Nc6 4. Nxe5 Nxe5 5. d4 Ng6 6. e5 Ng8 7. Bc4 d6 8.
Qf3 Qd7 9. O-O dxe5 10. dxe5 Nxe5 11. Re1 Bd6 12. Bf4 f6 13. Bb5 c6 14. Rad1
Qe6 15. Qg3 Kf8 16. Bxe5 Bxe5 17. f4 cxb5 18. fxe5 Qb6+ 19. Re3 Bf5 20. Rd6 Qc5
21. Rd5 Qc7 22. Nxb5 Qxc2 23. exf6 Nxf6 24. Nd4 Qb1+ 25. Re1 Qxe1+ 26. Qxe1
Nxd5 27. Nxf5 Rd8 28. Qe6 Rg8 29. Nd6 Rxd6 30. Qxd6+ Ne7 31. Qb8+ Kf7 32. Qxa7
b5 33. Qf2+ 1-0

[Event "?"]
[Site "ICC 2 12 11/11/97, Internet C"]
[Date "1997.??.??"]
[Round "?"]
[White "Brause"]
[Black "Osvaldo"]
[Result "1-0"]
[WhiteElo "2520"]
[BlackElo "2350"]
[PlyCount "45"]

1. e4 e5 2. Nf3 Nc6 3. Nc3 Nf6 4. Nxe5 Nxe5 5. d4 Ng6 6. e5 Ng8 7. Bc4 Bb4 8.
Qf3 Bxc3+ 9. bxc3 Qe7 10. O-O Rb8 11. Re1 b6 12. Qg3 h6 13. h4 b5 14. Bb3 Rh7
15. a4 a6 16. Ba3 b4 17. Bxb4 Qd8 18. Qf3 Nh8 19. Qd3 g6 20. Ba5 Bb7 21. Qc4
Rc8 22. d5 g5 23. Rab1 1-0

[Event "?"]
[Site "ICC 2 12 11/11/97, Internet C"]
[Date "1997.??.??"]
[Round "?"]
[White "Brause"]
[Black "Osvaldo"]
[Result "0-1"]
[WhiteElo "2540"]
[BlackElo "2330"]
[PlyCount "169"]

1. e4 e5 2. Nf3 Nc6 3. Nc3 Nf6 4. Nxe5 Nxe5 5. d4 Nc6 6. d5 Ne5 7. f4 Ng6 8. e5
Ng8 9. d6 cxd6 10. exd6 Qh4+ 11. g3 Qf6 12. Nb5 Rb8 13. Be3 b6 14. Bd4 Qe6+ 15.
Be2 Kd8 16. Qd3 Ba6 17. f5 Bxb5 18. Qxb5 Qe4 19. O-O-O Rc8 20. Qd3 Qxd3 21.
Rxd3 Rc6 22. fxg6 hxg6 23. Be5 f6 24. Bf4 g5 25. Be3 Rxd6 26. Rb3 Nh6 27. Rb5
Re6 28. Kd2 Bd6 29. Rb3 Nf7 30. Bf3 Ne5 31. Bd5 Re7 32. a4 Nc6 33. Kd1 g4 34.
Bd2 Rh5 35. c4 Bc5 36. Rd3 Ne5 37. Rb3 Re8 38. a5 Reh8 39. axb6 Bxb6 40. Rf1
Rxh2 41. Re1 R8h3 42. Rf1 Bd4 43. Ba5+ Ke7 44. Bb4+ d6 45. Bd2 Bb6 46. Bb4 Rh8
47. Rf4 R8h7 48. Rf1 R7h3 49. Bd2 Ke8 50. Bf4 Kd7 51. Bc1 Kc8 52. Ra3 Bc5 53.
Rb3 a5 54. Bb7+ Kd7 55. Bd5 Bb4 56. Rf4 Kc7 57. Ba8 Kd8 58. Be3 Ke7 59. Bc1 g5
60. Rf1 Nxc4 61. Bd5 Ne5 62. Rf5 Rh1+ 63. Bxh1 Rxh1+ 64. Kc2 Be1 65. Bxg5 fxg5
66. Rxg5 Rh3 67. Rb5 Ke6 68. Rg8 Rxg3 69. Re8+ Kf5 70. Rg8 Bb4 71. Rb7 Rg2+ 72.
Kb3 Nd3 73. Rf7+ Ke6 74. Rh7 Rxb2+ 75. Kc4 Ne5+ 76. Kd4 Nf3+ 77. Kc4 g3 78.
Re8+ Kf6 79. Rg8 g2 80. Rhg7 Ne5+ 81. Kd5 Rd2+ 82. Ke4 Rd3 83. Rd7 Ng6 84.
Rxg6+ Kxg6 85. Rd8 0-1